[Event "Paris Ch op C"]
[Site "Paris "]
[Date "2008.07.06"]
[Round "9.47"]
[White "Tiberghien, Luc"]
[Black "Robinet-Duffo, Richard"]
[Result "0-1"]
[WhiteElo "1030"]
[BlackElo "1420"]
[PlyCount "52"]
[EventDate "2008.06.28"]
[EventType "swiss"]
[EventRounds "9"]
[EventCountry "FRA"]
[WhiteTeamCountry "FRA"]
[BlackTeamCountry "FRA"]

1. d4 d5 2. c4 dxc4 3. Nf3 Bg4 4. e4 Nc6 5. Be2 Bxf3 6. Bxf3 Qxd4 7. Nc3 Qxd1+
8. Nxd1 Nd4 9. Ne3 e5 10. Bd1 Bb4+ 11. Kf1 Nf6 12. Nxc4 Nxe4 13. Nxe5 Nc6 14.
Nxc6 bxc6 15. Bf3 f5 16. Bh5+ g6 17. Be2 Bc5 18. Be3 Bxe3 19. fxe3 Nd2+ 20. Kf2
Rb8 21. Rad1 Rxb2 22. Rc1 Ne4+ 23. Kf3 Rxa2 24. Rxc6 Kd7 25. Rhc1 Rc8 26. Bb5
Rf2# 0-1

[Event "Creon op 15th"]
[Site "Creon "]
[Date "2010.07.27"]
[Round "2.1"]
[White "Daumens, Michel"]
[Black "Grigore, George-Gabriel"]
[Result "0-1"]
[WhiteElo "2140"]
[BlackElo "2532"]
[PlyCount "90"]
[EventDate "2010.07.??"]
[EventType "swiss"]
[EventRounds "9"]
[EventCountry "FRA"]
[WhiteTeamCountry "FRA"]
[BlackTeamCountry "FRA"]

1. e4 c5 2. Nf3 Nc6 3. Bb5 g6 4. O-O Bg7 5. Re1 e5 6. Nc3 Nge7 7. Bc4 O-O 8. d3
h6 9. Nd5 d6 10. c3 Kh7 11. a3 Nxd5 12. exd5 Ne7 13. d4 exd4 14. cxd4 b6 15.
dxc5 bxc5 16. Qe2 Nf5 17. Rb1 Bd7 18. b4 cxb4 19. axb4 Re8 20. Qd1 Rxe1+ 21.
Qxe1 Qc7 22. Bd3 Qb7 23. Bc4 Bb5 24. Qf1 Bxc4 25. Qxc4 Ne7 26. Bf4 Nxd5 27.
Bxd6 a5 28. b5 Nc3 29. Re1 Nxb5 30. Be5 Re8 31. Bxg7 Rxe1+ 32. Nxe1 Kxg7 33.
Qa4 Qb6 34. Qa1+ Kg8 35. Nc2 Qc7 36. Ne3 Qc3 37. Qd1 Qd4 38. Qb1 Nc3 39. Qb8+
Kg7 40. g3 Nd1 41. Nxd1 Qxd1+ 42. Kg2 Qd5+ 43. Kf1 Qd4 44. Qb3 Qa1+ 45. Kg2 a4
0-1

[Event "Creon op 15th"]
[Site "Creon "]
[Date "2010.07.27"]
[Round "2.2"]
[White "Okhotnik, Vladimir"]
[Black "Marciniak, Alexandre"]
[Result "1-0"]
[WhiteElo "2467"]
[BlackElo "2177"]
[PlyCount "69"]
[EventDate "2010.07.??"]
[EventType "swiss"]
[EventRounds "9"]
[EventCountry "FRA"]
[WhiteTeamCountry "FRA"]
[BlackTeamCountry "FRA"]

1. e4 e6 2. d4 d5 3. exd5 exd5 4. Nf3 Bd6 5. c4 Nf6 6. Nc3 dxc4 7. Bxc4 O-O 8.
O-O Nc6 9. Bg5 h6 10. Bh4 g5 11. Bg3 Bg4 12. d5 Ne7 13. Qd3 a6 14. Rad1 Ng6 15.
Rfe1 Qd7 16. Bb3 Rfe8 17. Bc2 Rxe1+ 18. Rxe1 Re8 19. Rf1 Rd8 20. Qd4 Nh5 21.
Bxd6 cxd6 22. Bxg6 fxg6 23. Nd2 Rf8 24. f3 Rf4 25. Qe3 Bf5 26. g4 Bxg4 27. fxg4
Qxg4+ 28. Kh1 Rxf1+ 29. Nxf1 Nf4 30. Ng3 h5 31. Nce2 h4 32. Nxf4 gxf4 33. Qe2
Qg5 34. Qe6+ Kg7 35. Ne4 1-0

[Event "Creon op 15th"]
[Site "Creon "]
[Date "2010.07.27"]
[Round "2.3"]
[White "Bancel, Gerard"]
[Black "Arnaudov, G. Petar"]
[Result "1/2-1/2"]
[WhiteElo "2121"]
[BlackElo "2423"]
[PlyCount "58"]
[EventDate "2010.07.??"]
[EventType "swiss"]
[EventRounds "9"]
[EventCountry "FRA"]
[WhiteTeamCountry "FRA"]
[BlackTeamCountry "FRA"]

1. g3 d5 2. c4 d4 3. Bg2 Nc6 4. a3 a5 5. d3 e5 6. Nf3 Be7 7. O-O Nf6 8. e4 dxe3
9. Bxe3 Ng4 10. Nc3 Nxe3 11. fxe3 Be6 12. Qe2 O-O 13. Rad1 Bg4 14. h3 Bh5 15.
Nd5 f5 16. Qc2 Bc5 17. b4 axb4 18. axb4 Nxb4 19. Nxb4 Bxb4 20. Qb2 Qd6 21. Rb1
Bc5 22. Qxe5 Rae8 23. Qxd6 Bxd6 24. Kf2 b6 25. Ng5 Kh8 26. Bc6 Re7 27. Ra1 h6
28. Nf3 Rf6 29. Nd4 Bc5 {suite illisible} 1/2-1/2

[Event "Creon op 15th"]
[Site "Creon "]
[Date "2010.07.27"]
[Round "2.4"]
[White "Nguyen, Chi-Minh"]
[Black "Laborde, Stephane"]
[Result "1-0"]
[WhiteElo "2408"]
[BlackElo "2139"]
[PlyCount "45"]
[EventDate "2010.07.??"]
[EventType "swiss"]
[EventRounds "9"]
[EventCountry "FRA"]
[WhiteTeamCountry "FRA"]
[BlackTeamCountry "FRA"]

1. d4 Nf6 2. c4 d6 3. Nc3 Nbd7 4. Nf3 e5 5. Bg5 h6 6. Bh4 c6 7. e3 Be7 8. Qc2
O-O 9. O-O-O Qa5 10. g4 exd4 11. Nxd4 Nc5 12. Be2 Re8 13. Bxf6 Bxf6 14. h4 Bd7
15. Kb1 d5 16. cxd5 cxd5 17. Nxd5 Bxd4 18. Rxd4 Ne6 19. Nf6+ gxf6 20. Rxd7 Nc5
21. Bc4 Nxd7 22. Qg6+ Kh8 23. Bxf7 1-0

[Event "Creon op 15th"]
[Site "Creon "]
[Date "2010.07.27"]
[Round "2.5"]
[White "Ozenne, Corentin"]
[Black "Argandona Riveiro, Inigo"]
[Result "1/2-1/2"]
[WhiteElo "2074"]
[BlackElo "2397"]
[PlyCount "60"]
[EventDate "2010.07.??"]
[EventType "swiss"]
[EventRounds "9"]
[EventCountry "FRA"]
[WhiteTeamCountry "FRA"]
[BlackTeamCountry "FRA"]

1. d4 d5 2. c4 e6 3. Nf3 c6 4. g3 Nf6 5. Nc3 Nbd7 6. Bg2 Be7 7. O-O O-O 8. b3
b6 9. a4 Ba6 10. cxd5 exd5 11. Qc2 Qc8 12. Rd1 Re8 13. e3 Ne4 14. Bb2 f5 15.
Ne5 Ndf6 16. f3 Nxc3 17. Bxc3 g6 18. a5 Bb5 19. h3 c5 20. Kf2 Bd6 21. Rac1 bxa5
22. g4 cxd4 23. exd4 fxg4 24. hxg4 Rf8 25. Qa2 Qc7 26. Qxa5 Qxa5 27. Bxa5 Ba3
28. Rc2 Rac8 29. Rxc8 Rxc8 30. Bd2 Kg7 1/2-1/2

[Event "Creon op 15th"]
[Site "Creon "]
[Date "2010.07.27"]
[Round "2.6"]
[White "Ludwig, Remi"]
[Black "Pilte, Nicolas"]
[Result "1-0"]
[WhiteElo "2230"]
[BlackElo "2082"]
[PlyCount "89"]
[EventDate "2010.07.??"]
[EventType "swiss"]
[EventRounds "9"]
[EventCountry "FRA"]
[WhiteTeamCountry "FRA"]
[BlackTeamCountry "FRA"]

1. d4 Nf6 2. c4 g6 3. Nc3 Bg7 4. Nf3 O-O 5. e4 d6 6. Be2 e5 7. O-O Nc6 8. d5
Ne7 9. b4 a5 10. Ba3 Nd7 11. Nd2 axb4 12. Bxb4 Nc5 13. a4 Na6 14. Ba3 f5 15.
Nb3 fxe4 16. Nxe4 Nf5 17. c5 Nxc5 18. Nbxc5 dxc5 19. Bxc5 Nd6 20. Bf3 Rf4 21.
Re1 Bf5 22. Bxd6 cxd6 23. g3 Bxe4 24. Bxe4 Rf7 25. Qb3 Qa5 26. Re2 b5 27. Rea2
b4 28. Rc1 Qb6 29. Rc6 Qa7 30. Qxb4 Raf8 31. Qb6 Qd7 32. Rxd6 Qg4 33. f3 Qh5
34. Rd8 Qg5 35. Rxf8+ Bxf8 36. Rc2 Qe7 37. a5 Rf6 38. Qb2 Qa3 39. Qxe5 Qe3+ 40.
Kg2 Rxf3 41. Qe6+ Rf7 42. a6 Bc5 43. d6 Qg1+ 44. Kh3 Bb6 45. a7 1-0

[Event "Creon op 15th"]
[Site "Creon "]
[Date "2010.07.27"]
[Round "2.7"]
[White "Fantinel, Thibault"]
[Black "Darrigues, Alain"]
[Result "1-0"]
[WhiteElo "2209"]
[BlackElo "2006"]
[PlyCount "55"]
[EventDate "2010.07.??"]
[EventType "swiss"]
[EventRounds "9"]
[EventCountry "FRA"]
[WhiteTeamCountry "FRA"]
[BlackTeamCountry "FRA"]

1. e4 c5 2. Nf3 d6 3. c3 Nf6 4. h3 Nc6 5. Bd3 e6 6. O-O Be7 7. Re1 Qc7 8. Bf1
O-O 9. d4 b6 10. Bf4 e5 11. Bh2 Bb7 12. a4 Rad8 13. d5 Nb8 14. a5 Nbd7 15. Na3
a6 16. axb6 Nxb6 17. Nd2 Nfd7 18. Bd3 Ra8 19. Nac4 Bg5 20. Nxb6 Nxb6 21. Nc4
Nxc4 22. Bxc4 Rfb8 23. Ra2 Bc8 24. Qh5 Bd8 25. f4 g6 26. Qf3 f6 27. fxe5 fxe5
28. Bxe5 1-0

[Event "Creon op 15th"]
[Site "Creon "]
[Date "2010.07.27"]
[Round "2.8"]
[White "Kirk, Ezra"]
[Black "Fomichenko, Svetlana"]
[Result "1-0"]
[WhiteElo "1998"]
[BlackElo "2217"]
[PlyCount "97"]
[EventDate "2010.07.??"]
[EventType "swiss"]
[EventRounds "9"]
[EventCountry "FRA"]
[WhiteTeamCountry "FRA"]
[BlackTeamCountry "FRA"]

1. d4 e6 2. Nf3 b6 3. Bg5 Be7 4. Bxe7 Qxe7 5. e4 Bb7 6. Nbd2 Nh6 7. Bd3 O-O 8.
c3 c5 9. O-O cxd4 10. Nxd4 Nc6 11. Nxc6 Bxc6 12. Qe2 Rad8 13. Nb3 Ba8 14. Rfe1
Qh4 15. h3 e5 16. Rad1 Kh8 17. Nd2 d6 18. Nf3 Qh5 19. Bc4 Ng8 20. Bd5 Bxd5 21.
Rxd5 Ne7 22. Rd2 Ng6 23. Nd4 Qg5 24. Nf5 d5 25. Red1 dxe4 26. Rxd8 Rxd8 27.
Rxd8+ Qxd8 28. Qxe4 h6 29. Qa4 Qf6 30. Ne3 Qe7 31. Nf5 Qe6 32. Ne3 f5 33. Qc4
Qxc4 34. Nxc4 Kg8 35. h4 h5 36. Nd6 Ne7 37. Kf1 g6 38. Ke2 Kf8 39. Kd3 Nd5 40.
g3 a6 41. Nc4 e4+ 42. Kd4 Nf6 43. Ne5 Kg7 44. c4 Ne8 45. Nd7 Kf7 46. Nxb6 Nf6
47. c5 Ke8 48. c6 Kd8 49. Ke5 1-0

[Event "Creon op 15th"]
[Site "Creon "]
[Date "2010.07.27"]
[Round "2.9"]
[White "Drenchev, Petar"]
[Black "Kirk, Jason"]
[Result "1-0"]
[WhiteElo "2514"]
[BlackElo "1960"]
[PlyCount "63"]
[EventDate "2010.07.??"]
[EventType "swiss"]
[EventRounds "9"]
[EventCountry "FRA"]
[WhiteTeamCountry "FRA"]
[BlackTeamCountry "FRA"]

1. d4 d5 2. c4 c6 3. Nf3 Nf6 4. Qb3 Qb6 5. Nc3 dxc4 6. Qxc4 Be6 7. Qd3 h6 8. e4
Na6 9. Be2 Rd8 10. O-O Bg4 11. Be3 e6 12. a3 Be7 13. b4 O-O 14. Rfd1 Bxf3 15.
Bxf3 Rd7 16. Rac1 Qd8 17. Qb1 Nc7 18. a4 Nfe8 19. b5 cxb5 20. axb5 b6 21. e5
Nd5 22. Nxd5 exd5 23. Bg4 Rc7 24. f4 Rxc1 25. Rxc1 Nc7 26. Qa2 f5 27. Be2 Ne6
28. Bf3 Nc7 29. Qxa7 Nxb5 30. Qb7 Ba3 31. Rc2 Kh8 32. Qa6 1-0

[Event "Creon op 15th"]
[Site "Creon "]
[Date "2010.07.27"]
[Round "2.10"]
[White "Le Hetet, Nicolas"]
[Black "Lagunes, Jean-Renaud"]
[Result "0-1"]
[WhiteElo "2147"]
[BlackElo "2074"]
[PlyCount "46"]
[EventDate "2010.07.??"]
[EventType "swiss"]
[EventRounds "9"]
[EventCountry "FRA"]
[WhiteTeamCountry "FRA"]
[BlackTeamCountry "FRA"]

1. e4 d6 2. d4 Nf6 3. Nc3 g6 4. f4 Bg7 5. Nf3 c5 6. dxc5 Qa5 7. Qd4 O-O 8. cxd6
Nxe4 9. Qxe4 Bxc3+ 10. bxc3 Qxc3+ 11. Kf2 Qxa1 12. dxe7 Re8 13. Bc4 Qf6 14. Ba3
Be6 15. Rd1 Bxc4 16. Qxc4 Nc6 17. Rd6 Qf5 18. g4 Qxg4 19. Rf6 Ne5 20. Qb3 Qxf3+
21. Qxf3 Nxf3 22. Kxf3 Rac8 23. Rd6 Rxe7 0-1

[Event "Creon op 15th"]
[Site "Creon "]
[Date "2010.07.27"]
[Round "2.11"]
[White "Ternault, Mathieu"]
[Black "Chabrol, Thierry"]
[Result "1-0"]
[WhiteElo "1989"]
[BlackElo "2143"]
[PlyCount "53"]
[EventDate "2010.07.??"]
[EventType "swiss"]
[EventRounds "9"]
[EventCountry "FRA"]
[WhiteTeamCountry "FRA"]
[BlackTeamCountry "FRA"]

1. d4 g6 2. c4 Bg7 3. Nc3 c5 4. d5 d6 5. e4 Nf6 6. Nf3 b5 7. cxb5 a6 8. Qc2 O-O
9. Bd2 Bd7 10. a4 axb5 11. Bxb5 Na6 12. O-O Nb4 13. Qb1 Qb6 14. Bg5 Bxb5 15.
Nxb5 Rfb8 16. Nd2 Rxa4 17. Rxa4 Qxb5 18. Ra7 h6 19. Be3 Kf8 20. b3 Nd3 21. Nc4
Qxb3 22. Qxb3 Rxb3 23. Ra8+ Ne8 24. e5 dxe5 25. d6 Rb7 26. Rd8 exd6 27. Rxe8+
1-0

[Event "Creon op 15th"]
[Site "Creon "]
[Date "2010.07.27"]
[Round "2.15"]
[White "Preux, Paul-Olivier"]
[Black "Delgrange, Jean-Loup"]
[Result "0-1"]
[WhiteElo "2301"]
[BlackElo "1869"]
[PlyCount "72"]
[EventDate "2010.07.??"]
[EventType "swiss"]
[EventRounds "9"]
[EventCountry "FRA"]
[WhiteTeamCountry "FRA"]
[BlackTeamCountry "FRA"]

1. Nf3 Nf6 2. c4 c5 3. Nc3 g6 4. d4 cxd4 5. Nxd4 Nc6 6. g3 Bg7 7. Bg2 O-O 8.
O-O Nxd4 9. Qxd4 d6 10. Qd3 Bf5 11. e4 Be6 12. b3 Nd7 13. Bb2 Nc5 14. Qe2 Qd7
15. Rad1 f6 16. f4 Bg4 17. Bf3 Bxf3 18. Rxf3 Qc6 19. h4 Rae8 20. h5 f5 21. e5
Ne4 22. Re3 dxe5 23. Nxe4 fxe4 24. Rxe4 gxh5 25. Bxe5 Qg6 26. Kh2 Rf7 27. Rd3
Ref8 28. Bxg7 Rxg7 29. Re5 Rxf4 30. Rd8+ Rf8 31. Rxf8+ Kxf8 32. Re3 h4 33. Rf3+
Kg8 34. Qe5 hxg3+ 35. Kg2 Qc2+ 36. Kh3 Qh2# 0-1

[Event "Béthune Op A"]
[Site "Bethune"]
[Date "2009.12.26"]
[Round "1.1"]
[White "Grachev, Boris"]
[Black "Bakalarz, Mietek"]
[Result "1/2-1/2"]
[WhiteElo "2652"]
[BlackElo "2283"]
[PlyCount "40"]
[EventDate "2009.12.30"]
[EventType "swiss"]
[EventRounds "9"]
[EventCountry "FRA"]
[WhiteTeamCountry "FRA"]
[BlackTeamCountry "FRA"]

1. d4 d5 2. c4 Bf5 3. Nc3 e6 4. Bf4 Bd6 5. Bg3 c6 6. e3 Nf6 7. Qb3 Bxg3 8. hxg3
Qb6 9. f3 Qxb3 10. axb3 Nbd7 11. g4 Bc2 12. g5 Ng8 13. Ra3 Ne7 14. Nh3 Nf5 15.
Kf2 e5 16. dxe5 d4 17. exd4 Nxd4 18. f4 Nxb3 19. Be2 Ndc5 20. Bd1 O-O-O 1/2-1/2

[Event "Béthune Op A"]
[Site "Bethune"]
[Date "2009.12.26"]
[Round "1.2"]
[White "Le Quang, Kim"]
[Black "Gharamian, Tigran"]
[Result "0-1"]
[WhiteElo "2309"]
[BlackElo "2614"]
[PlyCount "70"]
[EventDate "2009.12.30"]
[EventType "swiss"]
[EventRounds "9"]
[EventCountry "FRA"]
[WhiteTeamCountry "FRA"]
[BlackTeamCountry "FRA"]

1. c4 c5 2. g3 Nf6 3. Bg2 e6 4. Nf3 a6 5. O-O b5 6. Na3 bxc4 7. Nxc4 d5 8. Nce5
Bd6 9. b3 O-O 10. Bb2 Ne8 11. d4 cxd4 12. Nd3 Nd7 13. Nxd4 Bb7 14. Qd2 Nef6 15.
Rfc1 Qb6 16. Rc2 Ne4 17. Qe1 Rac8 18. Rac1 Nb8 19. Kh1 h6 20. f3 Nf6 21. b4
Rxc2 22. Rxc2 Rc8 23. Rxc8+ Bxc8 24. Qc3 Bd7 25. f4 Nc6 26. Nxc6 Bxc6 27. Nc5
Bb5 28. e4 Bf8 29. a4 Bc4 30. a5 Qb5 31. e5 Nd7 32. Nxd7 Bxb4 33. Qd4 Qxd7 34.
Bf1 Qb5 35. Qb6 Bxf1 0-1

[Event "Béthune Op A"]
[Site "Bethune"]
[Date "2009.12.26"]
[Round "1.2"]
[White "Onkoud, Abdelaziz"]
[Black "Burmakin, Vladimir"]
[Result "0-1"]
[WhiteElo "2377"]
[BlackElo "2602"]
[PlyCount "50"]
[EventDate "2009.12.30"]
[EventType "swiss"]
[EventRounds "9"]
[EventCountry "FRA"]
[WhiteTeamCountry "FRA"]
[BlackTeamCountry "FRA"]

1. Nf3 d5 2. g3 c6 3. Bg2 Bf5 4. O-O e6 5. d3 Nf6 6. Nbd2 h6 7. c4 Be7 8. b3
O-O 9. Bb2 a5 10. a3 Nbd7 11. Qc2 Bh7 12. Qc3 Qb6 13. Ne1 Rfb8 14. d4 Qa6 15.
Nd3 Ne4 16. Nxe4 dxe4 17. Nc1 b5 18. c5 e5 19. dxe5 Nxc5 20. f4 exf3 21. Qxf3
Bg6 22. e6 Nxe6 23. Qxc6 Qxc6 24. Bxc6 Rc8 25. Bxb5 Rc2 0-1

[Event "Béthune Op A"]
[Site "Bethune"]
[Date "2009.12.26"]
[Round "1.3"]
[White "Burmakin, Vladimir"]
[Black "Houriez, Clement"]
[Result "1-0"]
[WhiteElo "2602"]
[BlackElo "2301"]
[PlyCount "32"]
[EventDate "2009.12.30"]
[EventType "swiss"]
[EventRounds "9"]
[EventCountry "FRA"]
[WhiteTeamCountry "FRA"]
[BlackTeamCountry "FRA"]

1. Nf3 Nf6 2. c4 e6 3. g3 b6 4. Bg2 Bb7 5. O-O Be7 6. b3 c5 7. Bb2 d6 8. d4
cxd4 9. Qxd4 Nbd7 10. Nc3 a6 11. Ng5 Bxg2 12. Kxg2 Qc7 13. Rad1 Rd8 14. Nce4
Nc5 15. Kg1 Qb7 16. Nxf6+ Bxf6 1-0

[Event "Béthune Op A"]
[Site "Bethune"]
[Date "2009.12.26"]
[Round "1.4"]
[White "Degraeve, Jean Marc"]
[Black "Franca, Ricardo Bedin"]
[Result "1-0"]
[WhiteElo "2573"]
[BlackElo "2296"]
[PlyCount "39"]
[EventDate "2009.12.30"]
[EventType "swiss"]
[EventRounds "9"]
[EventCountry "FRA"]
[WhiteTeamCountry "FRA"]
[BlackTeamCountry "FRA"]

1. e4 c5 2. Nf3 d6 3. Bc4 e6 4. O-O Nc6 5. Re1 Nf6 6. Bb3 Be7 7. c3 d5 8. e5
Nd7 9. d4 b5 10. Nbd2 c4 11. Bc2 Nb6 12. Nf1 Bd7 13. Ng3 h5 14. h4 Bxh4 15.
Nxh4 Qxh4 16. Be3 Qg4 17. Qd2 f6 18. Bf4 b4 19. f3 Qh4 20. Nh1 1-0

[Event "Béthune Op A"]
[Site "Bethune"]
[Date "2009.12.26"]
[Round "1.5"]
[White "Matthiesen, Martin"]
[Black "Novikov, Stanislav"]
[Result "0-1"]
[WhiteElo "2295"]
[BlackElo "2562"]
[PlyCount "72"]
[EventDate "2009.12.30"]
[EventType "swiss"]
[EventRounds "9"]
[EventCountry "FRA"]
[WhiteTeamCountry "FRA"]
[BlackTeamCountry "FRA"]

1. d4 d6 2. Nf3 g6 3. c4 Bg7 4. Nc3 Bg4 5. g3 Nc6 6. Bg2 e5 7. d5 Nce7 8. e4
Bh6 9. Bxh6 Nxh6 10. Qd2 Nhg8 11. O-O Bxf3 12. Bxf3 f5 13. Bg2 Nf6 14. f4 O-O
15. exf5 Nxf5 16. fxe5 dxe5 17. Rae1 Qd6 18. Kh1 Kg7 19. Bh3 Nd4 20. c5 Qxc5
21. Rxe5 Rae8 22. Na4 Qc4 23. b3 Qxf1+ 24. Bxf1 Nf3 25. Qc3 Nxe5 26. Bg2 b6 27.
h3 Nf7 28. Qd2 Re5 29. Nc3 Rfe8 30. Kh2 h5 31. Bf3 Nd6 32. Ne2 Nxd5 33. Nd4 Nf6
34. Nc6 Re3 35. Kg2 Nf5 36. h4 Nxg3 0-1

[Event "Béthune Op A"]
[Site "Bethune"]
[Date "2009.12.26"]
[Round "1.6"]
[White "Oleksienko, Michailo"]
[Black "Akhayan, Ruben"]
[Result "1-0"]
[WhiteElo "2546"]
[BlackElo "2295"]
[PlyCount "97"]
[EventDate "2009.12.30"]
[EventType "swiss"]
[EventRounds "9"]
[EventCountry "FRA"]
[WhiteTeamCountry "FRA"]
[BlackTeamCountry "FRA"]

1. e4 e5 2. Nf3 Nc6 3. Bc4 Nf6 4. Ng5 d5 5. exd5 b5 6. Bf1 h6 7. Nf3 Qxd5 8.
Nc3 Qe6 9. Bxb5 Bb7 10. O-O O-O-O 11. Re1 Nd4 12. Nxd4 Rxd4 13. d3 Rg4 14. Ne4
Nxe4 15. dxe4 Bb4 16. c3 Rd8 17. Qf3 Bc5 18. Bc4 Qg6 19. Bxf7 Rxe4 20. Be3 Qc6
21. Bxc5 Rxe1+ 22. Rxe1 Qxc5 23. Qg3 g5 24. h3 Qe7 25. Bb3 e4 26. Rd1 Rxd1+ 27.
Bxd1 Kb8 28. Qe3 Qd7 29. Qd4 Qxd4 30. cxd4 Bd5 31. a3 Kb7 32. Kf1 Kb6 33. Ke2
Bc4+ 34. Ke3 Bf1 35. g3 Bg2 36. h4 gxh4 37. gxh4 Kc6 38. Bc2 Kd5 39. Bb3+ Kd6
40. Kf4 a5 41. Kf5 Bf3 42. Kg6 h5 43. Kf5 c6 44. Bf7 c5 45. dxc5+ Kxc5 46. Ke5
Bg2 47. Bxh5 Kc4 48. Bf7+ Kd3 49. h5 1-0

[Event "Béthune Op A"]
[Site "Bethune"]
[Date "2009.12.26"]
[Round "1.7"]
[White "Op den Kelder, Joram"]
[Black "Cabrera, Alexis"]
[Result "0-1"]
[WhiteElo "2291"]
[BlackElo "2528"]
[PlyCount "82"]
[EventDate "2009.12.30"]
[EventType "swiss"]
[EventRounds "9"]
[EventCountry "FRA"]
[WhiteTeamCountry "FRA"]
[BlackTeamCountry "FRA"]

1. Nf3 Nf6 2. d4 g6 3. g3 Bg7 4. Bg2 O-O 5. O-O d5 6. c4 c6 7. cxd5 cxd5 8. Nc3
Ne4 9. Nxe4 dxe4 10. Ng5 Qxd4 11. Nxe4 Nc6 12. Nc3 Be6 13. Qxd4 Bxd4 14. Bf4
Bxc3 15. bxc3 Rac8 16. Rfd1 f6 17. Bd5 Bxd5 18. Rxd5 Rfd8 19. Rad1 Kf7 20. e4
Rxd5 21. Rxd5 Ke6 22. Kf1 Nd8 23. Ke2 Nf7 24. Kd2 g5 25. Be3 Nd6 26. Kd3 f5 27.
Ra5 Nxe4 28. Rxa7 Rxc3+ 29. Kd4 Rc7 30. Ra8 g4 31. a4 Rc2 32. Ra7 Nd6 33. Kd3
Ra2 34. Bc5 Ne4 35. Be3 Nxf2+ 36. Bxf2 Rxf2 37. Rxb7 Rxh2 38. Kc4 f4 39. gxf4
g3 40. Rb8 Kf5 41. a5 Ra2 0-1

[Event "Béthune Op A"]
[Site "Bethune"]
[Date "2009.12.26"]
[Round "1.8"]
[White "Lalic, Bogdan"]
[Black "Marechal, Andy"]
[Result "1-0"]
[WhiteElo "2503"]
[BlackElo "2275"]
[PlyCount "51"]
[EventDate "2009.12.30"]
[EventType "swiss"]
[EventRounds "9"]
[EventCountry "FRA"]
[WhiteTeamCountry "FRA"]
[BlackTeamCountry "FRA"]

1. c4 c6 2. Nf3 d5 3. d4 Nf6 4. Qc2 dxc4 5. Qxc4 Bg4 6. Nc3 Bxf3 7. gxf3 Nbd7
8. e4 e5 9. Be3 Qa5 10. O-O-O Qb4 11. f4 Qxc4 12. Bxc4 exf4 13. Bxf4 b5 14. Bd3
b4 15. Na4 Nh5 16. Be3 Be7 17. Kb1 O-O-O 18. Ba6+ Kc7 19. Rc1 Nb8 20. Be2 g6
21. Rc4 Kb7 22. Rhc1 Rhe8 23. d5 Rc8 24. Bg4 f5 25. exf5 Nf6 26. dxc6+ 1-0

[Event "Béthune Op A"]
[Site "Bethune"]
[Date "2009.12.26"]
[Round "1.9"]
[White "Spielmann, Alain"]
[Black "Doncea, Vladimir"]
[Result "1/2-1/2"]
[WhiteElo "2275"]
[BlackElo "2493"]
[PlyCount "37"]
[EventDate "2009.12.30"]
[EventType "swiss"]
[EventRounds "9"]
[EventCountry "FRA"]
[WhiteTeamCountry "FRA"]
[BlackTeamCountry "FRA"]

1. Nf3 c5 2. c4 Nf6 3. Nc3 Nc6 4. g3 d5 5. cxd5 Nxd5 6. Bg2 Nc7 7. O-O e5 8.
Ne1 Be7 9. Nd3 f6 10. f4 c4 11. Nf2 exf4 12. gxf4 Be6 13. b3 cxb3 14. axb3 f5
15. Bb2 Nd4 16. Nd3 Bxb3 17. Qb1 O-O 18. Ba3 Nc2 19. Qa2 {suite illisible}
1/2-1/2

[Event "Béthune Op A"]
[Site "Bethune"]
[Date "2009.12.26"]
[Round "1.10"]
[White "Wirig, Anthony"]
[Black "Massoni, Michael"]
[Result "1-0"]
[WhiteElo "2484"]
[BlackElo "2272"]
[PlyCount "67"]
[EventDate "2009.12.30"]
[EventType "swiss"]
[EventRounds "9"]
[EventCountry "FRA"]
[WhiteTeamCountry "FRA"]
[BlackTeamCountry "FRA"]

1. c4 e5 2. Nc3 Nf6 3. Nf3 Nc6 4. g3 d5 5. cxd5 Nxd5 6. Bg2 Nb6 7. Rb1 Be7 8.
b4 Bf5 9. b5 Nd4 10. d3 O-O 11. O-O f6 12. Nh4 Bc8 13. e3 Nf5 14. Qb3+ Kh8 15.
Nxf5 Bxf5 16. Bxb7 Bxd3 17. Rd1 Qb8 18. Rxd3 Qxb7 19. Qe6 Bd6 20. Qf5 a6 21. h4
axb5 22. Nxb5 Nc4 23. Rc3 Qd5 24. Qc2 c6 25. e4 Qe6 26. Nxd6 Nxd6 27. Rxc6 Rfc8
28. Rbb6 Qxa2 29. Qxa2 Rxa2 30. Be3 Ra1+ 31. Kg2 Rxc6 32. Rxc6 Rd1 33. Rc7 Kg8
34. Rd7 1-0

[Event "Béthune Op A"]
[Site "Bethune"]
[Date "2009.12.26"]
[Round "1.11"]
[White "Ravot, Sylvain"]
[Black "Michiels, Bart"]
[Result "0-1"]
[WhiteElo "2268"]
[BlackElo "2461"]
[PlyCount "44"]
[EventDate "2009.12.30"]
[EventType "swiss"]
[EventRounds "9"]
[EventCountry "FRA"]
[WhiteTeamCountry "FRA"]
[BlackTeamCountry "FRA"]

1. Nf3 d5 2. d4 Nf6 3. c4 c6 4. g3 Bf5 5. Qb3 Qb6 6. Nc3 e6 7. c5 Qc7 8. Bf4
Qc8 9. Qa4 Nbd7 10. b4 b5 11. Qa5 Be7 12. Bc7 O-O 13. Bg2 Nb6 14. Bf4 Na4 15.
Nxb5 cxb5 16. Qxb5 Nc3 17. Qa5 Qb7 18. Rc1 Nfe4 19. Qa3 a5 20. b5 Nxb5 21. c6
Qa7 22. Qb2 Bb4+ 0-1

[Event "Béthune Op A"]
[Site "Bethune"]
[Date "2009.12.26"]
[Round "1.12"]
[White "Bernal Moro, Luis Javier"]
[Black "Brethes, Francois"]
[Result "1-0"]
[WhiteElo "2444"]
[BlackElo "2265"]
[PlyCount "73"]
[EventDate "2009.12.30"]
[EventType "swiss"]
[EventRounds "9"]
[EventCountry "FRA"]
[WhiteTeamCountry "FRA"]
[BlackTeamCountry "FRA"]

1. Nf3 d5 2. c4 e6 3. d4 dxc4 4. e3 Nf6 5. Bxc4 a6 6. O-O c5 7. Nbd2 Nc6 8.
dxc5 Bxc5 9. a3 O-O 10. b4 Bd6 11. Bb2 e5 12. b5 axb5 13. Bxb5 Bg4 14. Nc4 e4
15. Nxd6 exf3 16. gxf3 Bh3 17. Re1 Qe7 18. Bf1 Bxf1 19. Kxf1 Rfd8 20. Nf5 Qe6
21. Qb1 Ra5 22. e4 Nh5 23. Qa2 Rb5 24. Bc1 Rb3 25. Be3 Ne5 26. Red1 Re8 27. Rd5
Qa6+ 28. Kg2 Rxe3 29. fxe3 Qg6+ 30. Kf2 Nf6 31. Rxe5 Rxe5 32. Rg1 Qh5 33. Rxg7+
Kf8 34. Rg2 Rxf5 35. exf5 Qxf5 36. Qc4 Qd7 37. Qc5+ 1-0

[Event "Béthune Op A"]
[Site "Bethune"]
[Date "2009.12.26"]
[Round "1.13"]
[White "Bolzoni, Victor Angel"]
[Black "Shirazi, Kamran"]
[Result "0-1"]
[WhiteElo "2264"]
[BlackElo "2433"]
[PlyCount "74"]
[EventDate "2009.12.30"]
[EventType "swiss"]
[EventRounds "9"]
[EventCountry "FRA"]
[WhiteTeamCountry "FRA"]
[BlackTeamCountry "FRA"]

1. e4 c5 2. Nf3 Nf6 3. Nc3 d5 4. exd5 Nxd5 5. Bb5+ Bd7 6. Bc4 Nb6 7. Be2 Nc6 8.
a4 a6 9. O-O Bf5 10. d3 e5 11. Bg5 f6 12. Bd2 Be7 13. Nh4 Be6 14. Bg4 Bf7 15.
Nf5 Bf8 16. a5 Nc8 17. Bf3 g6 18. Bxc6+ bxc6 19. Ne3 Nd6 20. f4 exf4 21. Rxf4
f5 22. Na4 Bg7 23. Qe1 O-O 24. Bc3 Bh6 25. Nxf5 Nxf5 26. Rxf5 gxf5 27. Qe5 Bg6
28. Qe6+ Rf7 29. Qxc6 Qe8 30. Qd5 Rd8 31. Qc4 Qb5 32. Qh4 Be3+ 33. Kh1 Rff8 34.
Bf6 Rde8 35. Nb6 Rxf6 36. Qxf6 Bd4 37. Qh4 Qxb2 0-1